International Economic. (Record no. 797)
[ view plain ]
| 005 - DATE AND TIME OF LATEST TRANSACTION | |
|---|---|
| control field | 20250628081929.0 |
| 020 ## - INTERNATIONAL STANDARD BOOK NUMBER | |
| International Standard Book Number | 0-07-290387-2 |
| 082 ## - DEWEY DECIMAL CLASSIFICATION NUMBER | |
| Classification number | 382.1 PUG |
| 100 ## - MAIN ENTRY--PERSONAL NAME | |
| Author name | PUGEL,T.A. |
| 245 ## - TITLE STATEMENT | |
| Title | International Economic. |
| 250 ## - EDITION STATEMENT | |
| Edition statement | 11th Ed. |
| 260 ## - PUBLICATION, DISTRIBUTION, ETC. | |
| Place of publication, distribution, etc. | New Delhi, |
| Name of publisher, distributor, etc. | McGraw-Hill, |
| Date of publication, distribution, etc. | 2000. |
| 300 ## - PHYSICAL DESCRIPTION | |
| Extent | xxiii,709p.:Ill.;figures. |
| Other physical details | Index, References. |
| Dimensions | 23cm. |
| 700 ## - ADDED ENTRY--PERSONAL NAME | |
| Other authors/Editors | PETER,H.LINDERT. |
| 856 ## - ELECTRONIC LOCATION AND ACCESS | |
| Link text | Access Online Book . |
| Electronic name | Economics. |
| Path | www.mhhe.com |
| 942 ## - ADDED ENTRY ELEMENTS (KOHA) | |
| Source of classification or shelving scheme | Dewey Decimal Classification |
| Koha item type | Books |
| Date last seen | Total checkouts | Full call number | Barcode | Cost, replacement price | Price effective from | Koha item type | Lost status | Source of classification or shelving scheme | Damaged status | Not for loan | Withdrawn status | Home library | Current library | Shelving location | Date acquired | Cost, normal purchase price |
|---|---|---|---|---|---|---|---|---|---|---|---|---|---|---|---|---|
| 06/28/2025 | 382.1 PUG | DOM0002727 | 165000.00 | 06/28/2025 | Books | Dewey Decimal Classification | CBE Dodoma | CBE Dodoma | General Collection | 03/17/2025 | 55000.00 | |||||
| 03/17/2025 | 382.1 PUG | 0000003195 | 165000.00 | 03/17/2025 | Books | Dewey Decimal Classification | College of Business Education Main Library | College of Business Education Main Library | General Collection | 03/17/2025 | 55000.00 | |||||
| 03/17/2025 | 382.1 PUG | 0000003196 | 165000.00 | 03/17/2025 | Books | Dewey Decimal Classification | College of Business Education Main Library | College of Business Education Main Library | General Collection | 03/17/2025 | 55000.00 | |||||
| 03/17/2025 | 382.1 PUG | 0000003197 | 165000.00 | 03/17/2025 | Books | Dewey Decimal Classification | College of Business Education Main Library | College of Business Education Main Library | General Collection | 03/17/2025 | 55000.00 | |||||
| 03/17/2025 | 382.1 PUG | 0000003198 | 165000.00 | 03/17/2025 | Books | Dewey Decimal Classification | College of Business Education Main Library | College of Business Education Main Library | General Collection | 03/17/2025 | 55000.00 | |||||
| 03/17/2025 | 382.1 PUG | 0000003199 | 165000.00 | 03/17/2025 | Books | Dewey Decimal Classification | College of Business Education Main Library | College of Business Education Main Library | General Collection | 03/17/2025 | 55000.00 | |||||
| 03/17/2025 | 382.1 PUG | 0000003200 | 165000.00 | 03/17/2025 | Books | Dewey Decimal Classification | College of Business Education Main Library | College of Business Education Main Library | General Collection | 03/17/2025 | 55000.00 | |||||
| 03/17/2025 | 382.1 PUG | 0000003201 | 165000.00 | 03/17/2025 | Books | Dewey Decimal Classification | College of Business Education Main Library | College of Business Education Main Library | General Collection | 03/17/2025 | 55000.00 |
